00644nam a2200181Ia 4500008004100000020001500041041001200056082001600068100001900084245009100103260003900194300000800233650000800241700001900249942000700268999001500275952017200290221030s9999 xx 000 0 und d a8178083515 aEnglish a105.23bCou aR. F. Coughlin 0aOperational Amplifiers & Linear Integrated Circuitscby R. F. Coughlin, F. F. Driscoll bPearson EducationaNew Delhic2001 a529 aECE aF. F. Driscoll cBK c8037d8037 pBE 6025g225.00l0o105.23 Cour2024-06-13 00:00:00w2022-10-30yBK003Print4070aMIETLIBbMIETLIBcBL-Academic Block- A, FL-1, CUP-10, SH-2, R-2d2002-09-2310HBE